00428nam a2200145Ia 4500100003000000942000700030654001400037245002600051260003800077082001900115300000900134546001200143999001700155952011000172 aMalhotra/D.R/ Gupta /H.C  cBK aMaterials aStrength Of Materials bSatya PrakashanaNEW DELHIc1987 a620.1bMal/Gup a1064 aENGLISH c33275d33275 001040708AFTaCRCEbCRCEc1478 | 43d2023-03-17l0o620.1 Mal/GuppAFT5626r2023-03-17w2023-03-17yBK